00654cam a2200193 45000010008000000030004000080050017000120080041000290400013000700820017000831000031001002450064001312600067001953000042002624400024003045040063003286500035003916500034004262398905OSt20180912102653.0760827c19701950xx 000 0 eng d aOBEcOBE a296.4bS313L1 aShoys, Ḥayim,d1884-195314aThe lifetime of a Jew throughout the ages of Jewish history aNew York,bUnion of American Hebrew Congregations,c1970,c1950 axiii, 332 p.billus., facsims.c24 cm 0aUnion graded series aBibliographical references included in "Notes" (p.305-322) 0aJudaismxCustoms and practices 0aJewsxSocial life and customs